000 00493pam a2200157a 44500
008 230515b1972 xxu||||| |||| 00| 0 eng d
020 _aNULL
041 _aENGLISH
082 _a630
100 _a2720-1972
245 _aMETHODS OF TEST FOR SOILS PART-XXXIII DETERMINATION OF THE DENSITY IN-PLACE BY THE DENSITY IN-PLACE BY THE RING AND WATER REPLACEMENT METHOD PART- VI DETERMINATION OF SHRINKAGE FACTORS
250 _a0
260 _aDELHI
_bISI
_c1972
300 _a18
650 _aNULL
999 _c652604
_d652604